Score 0/7 Timer 03:00
1 Play Today
Question Answer Wrong Answers
A nuclear reactor accident occurs at the ______ Nuclear Power Plant in the Soviet Union, creating the world's worst nuclear disaster.
1986
Chernobyl
94%
Vladivostok
1%
Volgograd
0.9%
Saratov
0.9%
In Virginia, Union cavalry troopers corner and shoot dead this man, who was the assassin of President Lincoln.
1865
John Wilkes Booth
93.4%
Charles J. Guiteau
1%
Leon Czolgosz
0.6%
Lee Harvey Oswald
5%
The ______, the official secret police force of Nazi Germany, is established.
1933
Gestapo
92.6%
Wehrmacht
3.1%
Sturmabteilung
2.1%
Kriegsmarine
1.3%
Tanganyika and Zanzibar merge to form ______.
1964
Tanzania
82.5%
Zambia
11.8%
Nigeria
1.7%
Chad
1.7%
This American actor, who starred in the films ‘Step Up’ and ‘Magic Mike’, is born.
1980
Channing Tatum
77.6%
Matthew McConaughey
15%
Matt Bomer
2.2%
Josh Henderson
2.4%
Melania Trump, the second foreign-born First Lady of the United States, is born in this modern-day country.
1970
Slovenia
62.2%
Slovakia
25.1%
Austria
4.4%
Hungary
5.7%
This Spanish city is bombed by the German Luftwaffe during the Spanish Civil War. The event inspired a famous painting by Pablo Picasso.
1937
Guernica
61.1%
Madrid
10.9%
Seville
18.2%
Valencia
8.1%
Remove Ads.
Support Sporcle.
Get the best of Sporcle when you Go Orange. This ad-free experience offers more features, more stats, and more fun while also helping to support Sporcle. Thank you for becoming a member.

You're not logged in!

Compare scores with friends on all Sporcle quizzes.
OR
Log In

Show Comments

Extras

Top Quizzes Today


Score Distribution

Your Account Isn't Verified!

In order to create a playlist on Sporcle, you need to verify the email address you used during registration. Go to your Sporcle Settings to finish the process.

Report this User

Report this user for behavior that violates our Community Guidelines.

Details: